000 00808nam a2200277Ia 4500
003 OSt
005 20220918222612.0
006 a|||||r|||| 00| 0
007 ta
008 220917b |||||||| |||| 00| 0 eng d
024 _a217,474
037 _cTextual
040 _aARTS
_cARTS
_beng
041 _2eng
_aeng
082 _aX:9, P2
100 _aBoreham Nicholas Ed.
_9143586
245 0 _aWork process knowledge
260 _aLondon
_bRoutledge
_c2002
300 _axi, 244p.
_ccm.
490 _aRoutledge studies in human resource developement
650 _aECONOMICS
700 _a Fischer Martin Ed.
_9143587
700 _a Samurcay Renan Ed.
_9143588
942 _hX:9, P2
_cTEXL
_2CC
999 _c275999
_d275999